000 00494nam a22001457a 4500
003 MACL
005 20190108153538.0
008 190108b xxu||||| |||| 00| 0 eng d
040 _cMACL
100 _a गंगा प्रसाद शर्मा.
_919724
245 _aश्रेष्‍ठ रोचक बाल कहानियॉं
260 _aदिल्‍ली
_bबैनियन ट्री
_c2015
650 _aचिल्‍ड्रन
_973615
942 _2ddc
_cHIN
999 _c58865
_d58865